| 000 | 00449nam a22001457a 4500 | ||
|---|---|---|---|
| 082 |
_a922.97 _bIBR |
||
| 100 |
_aIbrahim akram agha _946197 |
||
| 245 |
_aاللہ کی تلوار خالد بن ولید _cIbrahim akram agha |
||
| 260 |
_aIslamabad, _bNational book foundation |
||
| 300 |
_a703p.: _bill,; _c15 cm. |
||
| 526 |
_a0 _b0 _c0 _d922_970000000000000_IBR |
||
| 526 |
_a0 _b0 _c0 _d922_970000000000000_IBR |
||
| 650 |
_aMCE _9379 |
||
| 942 |
_2ddc _cBK |
||
| 999 |
_c549542 _d549542 |
||